Diego Portales

Salvato in:
Dettagli Bibliografici
Autore principale: Reyno Gutiérrez, Manuel (Autore)
Natura: Libro
Lingua:spagnolo
Pubblicazione: Santiago La Nación 1980
Edizione:1a. ed
Serie:Próceres de Chile, 4
Gran Enciclopedia La Nación
Soggetti:
Tags: Aggiungi Tag
Nessun Tag, puoi essere il primo ad aggiungerne!!

MARC

LEADER 00000cam a2200000 a 4500
001 UCE4896
003 CL-VaPUC
008 141113e19800000cl |||||||||||||||||spa|d
082 0 4 |a 983  |b REY  |2 21 
100 0 |a Reyno Gutiérrez, Manuel  |e author  |9 577361 
245 1 0 |a Diego Portales 
250 |a 1a. ed 
300 |a 62 p 
942 |c BK 
945 |d 20141113 14:00:00  |a arojas 
260 |a Santiago  |b La Nación  |c 1980 
600 0 |a Portales y Palazuelos, Diego   |9 436961 
650 0 |a Historia de Chile  |9 265473 
583 |a last modification  |c 20150817 11:03:12  |k Rodrigo Vera 
490 0 |a Próceres de Chile, 4 
490 0 |a Gran Enciclopedia La Nación 
999 |c 357752  |d 357750 
952 |0 0  |1 0  |3 erb  |4 0  |6 983_000000000000000_REY_1980  |7 0  |8 X  |9 465804  |a FDOBUD  |b FDOBUD  |i 5107377  |o 983 REY 1980  |p 5107377  |r 2019-11-23  |w 2019-11-23  |y BK_X  |z Catalogado en:20141113  |k BUD